Geography Quiz

Random Geography or World Quiz

'A' Countries on a Map Quiz Stats

 Plays Quiz Updated Dec 21, 2014

Challenge
Share
Tweet
Score 0/11 Timer 02:00
26 Plays Today
% Correct
Australia
96%
Argentina
95.2%
Algeria
89.3%
Austria
87.4%
Andorra
87%
Afghanistan
85.1%
Angola
82.6%
Albania
80.8%
Azerbaijan
76.6%
Armenia
75.5%
Antigua and Barbuda
67.8%

You're not logged in!

Compare scores with friends on all Sporcle quizzes.
OR
Log In

You Might Also Like...

Show Comments

Extras

Top Quizzes Today


Score Distribution

Your Account Isn't Verified!

In order to create a playlist on Sporcle, you need to verify the email address you used during registration. Go to your Sporcle Settings to finish the process.

Report this User

Report this user for behavior that violates our Community Guidelines.

Details: